[Event "Bundesliga 2122"]
[Site "Germany"]
[Date "2022.07.09"]
[Round "13.1"]
[White "Heinemann, Thies"]
[Black "Barseghyan, Armen Ar"]
[Result "0-1"]
[WhiteElo "2495"]
[BlackElo "2348"]
[PlyCount "154"]
[EventDate "2022.03.05"]
[EventType "team-tourn"]
[EventRounds "15"]
[EventCountry "GER"]
[SourceTitle "CBM 209 Extra"]
[Source "ChessBase"]
[SourceDate "2022.09.30"]
[SourceVersion "1"]
[SourceVersionDate "2022.09.30"]
[SourceQuality "1"]
[WhiteTeam "Hamburger SK"]
[BlackTeam "Kiel Turm"]
[WhiteTeamCountry "GER"]
[BlackTeamCountry "GER"]

1. e4 c5 2. Nf3 Nc6 3. Bb5 g6 4. Bxc6 bxc6 5. 0-0 Bg7 6. Re1 Qc7 7. c3 d6 8. d4 cxd4 9. cxd4 Nf6 10. Nc3 0-0 11. Be3 Bg4 12. h3 Bxf3 13. Qxf3 Nd7 14. Qe2 a5 15. Rac1 Qb7 16. Na4 Rfc8 17. Rc2 Qb4 18. Rc4 Qb5 19. Rec1 e6 20. b3 d5 21. exd5 Qxd5 22. Qc2 Ra6 23. Nc5 Nxc5 24. Rxc5 Qd7 25. Qc4 Qb7 26. d5 exd5 27. Rxd5 a4 28. b4 Raa8 29. Ra5 Bf8 30. Rxa8 Rxa8 31. a3 Rc8 32. Rc2 Qd7 33. Rd2 Qf5 34. Kh2 Qf6 35. Rd7 Re8 36. Qd4 Qe6 37. Ra7 Bg7 38. Qg4 Qd5 39. Rxa4 h5 40. Qg5 Be5+ 41. Bf4 Bb8 42. Qh6 Qd2 43. Kg3 h4+ 44. Qxh4 Qc3+ 45. Kh2 Qd4 46. Kg3 Re2 47. Kf3 Qe4+ 48. Kg3 Qd4 49. Kf3 Qd1 50. Ra5 Bxf4 51. Kxf4 Qd4+ 52. Kf3 Qxh4 53. Kxe2 Qc4+ 54. Kf3 Qd3+ 55. Kg4 Kg7 56. f3 Qd6 57. f4 Qd3 58. f5 Qe3 59. h4 Qe4+ 60. Kg3 gxf5 61. Rc5 Qg4+ 62. Kh2 Qxh4+ 63. Kg1 Qe4 64. Kh2 Qf4+ 65. Kh1 Qh6+ 66. Kg1 Qe3+ 67. Kh2 Qxa3 68. Rxc6 Qxb4 69. Kh1 Qe1+ 70. Kh2 f4 71. Rc2 Qg3+ 72. Kg1 f3 73. Rf2 Qxf2+ 74. Kxf2 fxg2 75. Kxg2 Kg6 76. Kf3 Kf5 77. Kg3 Ke4 0-1

[Event "Bundesliga 2122"]
[Site "Germany"]
[Date "2022.03.06"]
[Round "2.7"]
[White "Heinemann, Thies"]
[Black "Meessen, Rudolf"]
[Result "1-0"]
[WhiteElo "2495"]
[BlackElo "2226"]
[PlyCount "59"]
[EventDate "2022.03.05"]
[EventType "team-tourn"]
[EventRounds "15"]
[EventCountry "GER"]
[SourceTitle "EXT 2023"]
[Source "ChessBase"]
[SourceDate "2022.10.05"]
[SourceVersion "1"]
[SourceVersionDate "2022.10.05"]
[SourceQuality "1"]
[WhiteTeam "Hamburger SK"]
[BlackTeam "Aachen"]
[WhiteTeamCountry "GER"]
[BlackTeamCountry "GER"]

1. e4 d6 2. d4 Nf6 3. Nc3 e5 4. Nf3 exd4 5. Nxd4 Be7 6. g3 0-0 7. Bg2 Re8 8. 0-0 Bf8 9. h3 Nbd7 10. Re1 c6 11. Bf4 Ne5 12. Rb1 b5 13. Nxc6 Nxc6 14. e5 dxe5 15. Qxd8 Nxd8 16. Bxa8 exf4 17. Rxe8 Nxe8 18. Rd1 Nd6 19. Nxb5 N6b7 20. Nxa7 Bxh3 21. Nc6 Nxc6 22. Bxb7 Bg4 23. Rd5 Ne7 24. Rd8 fxg3 25. a4 f5 26. a5 Be2 27. fxg3 Bb5 28. a6 Bc6 29. b4 Kf7 30. b5 1-0

[Event "AUT-chT2M 2122"]
[Site "Austria"]
[Date "2021.10.22"]
[Round "4.1"]
[White "Csonka, Balazs"]
[Black "Heinemann, Thies"]
[Result "1-0"]
[WhiteElo "2478"]
[BlackElo "2502"]
[PlyCount "85"]
[EventDate "2021.10.01"]
[EventType "team-tourn"]
[EventRounds "11"]
[EventCountry "AUT"]
[SourceTitle "EXT 2023"]
[Source "ChessBase"]
[SourceDate "2022.10.05"]
[SourceVersion "1"]
[SourceVersionDate "2022.10.05"]
[SourceQuality "1"]
[WhiteTeam "Graz Schachfreunde"]
[BlackTeam "Gleisdorf"]
[WhiteTeamCountry "AUT"]
[BlackTeamCountry "AUT"]

1. e4 c5 2. Nf3 d6 3. d4 cxd4 4. Nxd4 Nf6 5. Nc3 a6 6. Bg5 Nbd7 7. Bc4 Qb6 8. Bb3 e6 9. Qd2 Nc5 10. Bxf6 gxf6 11. 0-0-0 Bd7 12. f4 0-0-0 13. Rhf1 Qa5 14. Kb1 Kb8 15. f5 Be7 16. a3 Nxb3 17. cxb3 Rdg8 18. Rf3 Qe5 19. g3 Rc8 20. b4 Rxc3 21. bxc3 Qxe4+ 22. Qc2 d5 23. fxe6 fxe6 24. Qxe4 dxe4 25. Re3 e5 26. Rxe4 Bf8 27. Nc2 Bf5 28. Ree1 Bg7 29. Kb2 h5 30. Ne3 Bc8 31. Rf1 Ka7 32. Nf5 Rh7 33. Nxg7 Rxg7 34. Rxf6 Bg4 35. Re1 Re7 36. Re4 Bd7 37. c4 Bc6 38. Re3 e4 39. Kc3 Ba4 40. Rf5 Bd1 41. Rf4 Bf3 42. Rfxf3 exf3 43. Rxe7 1-0

[Event "EU-Cup Online Final"]
[Site "Tornelo INT"]
[Date "2021.03.31"]
[Round "8.3"]
[White "Meier, Georg"]
[Black "Heinemann, Thies"]
[Result "1-0"]
[WhiteElo "2628"]
[BlackElo "2502"]
[PlyCount "169"]
[EventDate "2021.03.30"]
[EventType "team-tourn (rapid)"]
[EventRounds "9"]
[EventCountry "NET"]
[SourceTitle "CBM 201"]
[Source "ChessBase"]
[SourceDate "2021.04.30"]
[SourceVersion "1"]
[SourceVersionDate "2021.04.30"]
[SourceQuality "1"]
[WhiteTeam "Deizisau"]
[BlackTeam "Hamburger SK"]
[WhiteTeamCountry "GER"]
[BlackTeamCountry "GER"]

1. Nf3 c5 2. c4 Nc6 3. g3 g6 4. Bg2 Bg7 5. 0-0 d6 6. Nc3 e5 7. d3 Nge7 8. a3 0-0 9. Rb1 a5 10. Bd2 Rb8 11. Qa4 Bd7 12. Rfc1 Nd4 13. Qd1 Bc6 14. e3 Ne6 15. b4 axb4 16. axb4 cxb4 17. Rxb4 d5 18. cxd5 Nxd5 19. Rbb1 Ne7 20. Ne1 Qd7 21. Bxc6 bxc6 22. Qa4 Rxb1 23. Rxb1 Rd8 24. Qc4 h5 25. h4 Qa7 26. Kf1 Rb8 27. Qa4 Qc7 28. Ke2 Rxb1 29. Nxb1 Qb7 30. Nc3 Nc5 31. Qc4 Nb3 32. Nf3 Nxd2 33. Nxd2 Nd5 34. Nce4 Qb5 35. Nd6 Qxc4 36. N2xc4 f6 37. Nb7 Bf8 38. Nd8 Nb4 39. Na5 c5 40. Nc4 Be7 41. Nb7 Kf7 42. Nba5 Ke6 43. Nb3 g5 44. hxg5 fxg5 45. Nbd2 h4 46. g4 h3 47. Nf3 Nc6 48. Ncd2 Nb4 49. Nf1 Kd5 50. e4+ Ke6 51. Ng1 Nc6 52. Nxh3 Nd4+ 53. Kd1 Bd8 54. Ng1 Ba5 55. Nh2 Kf6 56. Nhf3 Nc6 57. Ne2 Nb4 58. Nc1 Bc7 59. Ke2 Bd6 60. Nb3 Nc6 61. Nbd2 Bc7 62. Nc4 Ne7 63. Ne3 Ke6 64. Kd2 Kf6 65. Nd5+ Nxd5 66. exd5 c4 67. Kc3 cxd3 68. Kxd3 Bb6 69. Nd2 e4+ 70. Nxe4+ Ke5 71. Nxg5 Bxf2 72. Ne4 Bb6 73. d6 Bd8 74. Ke3 Bh4 75. Kf3 Bd8 76. d7 Ke6 77. Nc5+ Kd6 78. Nb7+ Kxd7 79. Nxd8 Kxd8 80. Kf4 Ke7 81. Kg5 Kf7 82. Kh6 Kg8 83. g5 Kh8 84. g6 Kg8 85. g7 1-0

[Event "EU-Cup Online Final"]
[Site "Tornelo INT"]
[Date "2021.03.30"]
[Round "4.3"]
[White "Durarbayli, Vasif"]
[Black "Heinemann, Thies"]
[Result "1-0"]
[WhiteElo "2606"]
[BlackElo "2502"]
[PlyCount "107"]
[EventDate "2021.03.30"]
[EventType "team-tourn (rapid)"]
[EventRounds "9"]
[EventCountry "NET"]
[SourceTitle "CBM 201"]
[Source "ChessBase"]
[SourceDate "2021.04.30"]
[SourceVersion "1"]
[SourceVersionDate "2021.04.30"]
[SourceQuality "1"]
[WhiteTeam "Odlar Yurdu"]
[BlackTeam "Hamburger SK"]
[WhiteTeamCountry "AZE"]
[BlackTeamCountry "GER"]

1. e4 c5 2. Nf3 d6 3. d4 cxd4 4. Nxd4 Nf6 5. Nc3 a6 6. g3 e5 7. Nb3 Be7 8. Bg5 Nbd7 9. a4 0-0 10. Bc4 Nb6 11. Bxf6 Nxc4 12. Bxe7 Qxe7 13. Nd5 Qd8 14. Qd3 Nb6 15. Ne3 Be6 16. a5 Nc8 17. 0-0 Qc7 18. f4 exf4 19. gxf4 Bxb3 20. cxb3 Ne7 21. Kh1 f6 22. Rac1 Qxa5 23. Qxd6 Rf7 24. Qe6 Qd8 25. Nc4 Qc8 26. Qxf7+ Kxf7 27. Nd6+ Ke6 28. Nxc8 Rxc8 29. Rxc8 Nxc8 30. Kg2 Ne7 31. Kf3 Nc6 32. Rd1 g6 33. h4 Ke7 34. h5 Na5 35. Rc1 Kd7 36. hxg6 hxg6 37. Rg1 g5 38. fxg5 fxg5 39. Rxg5 Nxb3 40. Kf4 Kc6 41. Rd5 a5 42. Rd3 Nc5 43. Rc3 b5 44. e5 b4 45. Rc1 Kd5 46. Kf5 a4 47. Rc2 Nb3 48. Kf6 Nd4 49. Rc8 Nc6 50. e6 a3 51. bxa3 b3 52. Rxc6 Kxc6 53. e7 b2 54. e8Q+ 1-0

[Event "EU-Cup Online Play-A"]
[Site "Tornelo INT"]
[Date "2021.03.29"]
[Round "5.1"]
[White "Mastrovasilis, Dimitrios"]
[Black "Heinemann, Thies"]
[Result "1/2-1/2"]
[WhiteElo "2609"]
[BlackElo "2502"]
[PlyCount "158"]
[EventDate "2021.03.29"]
[EventType "team-tourn (rapid)"]
[EventRounds "5"]
[EventCountry "NET"]
[SourceTitle "CBM 201 Extra"]
[Source "ChessBase"]
[SourceDate "2021.05.31"]
[SourceVersion "1"]
[SourceVersionDate "2021.05.31"]
[SourceQuality "1"]
[WhiteTeam "Wroclaw Polonia"]
[BlackTeam "Hamburger SK"]
[WhiteTeamCountry "POL"]
[BlackTeamCountry "GER"]

1. e4 c5 2. Nf3 d6 3. Bb5+ Nd7 4. d4 cxd4 5. Qxd4 a6 6. Bxd7+ Bxd7 7. 0-0 e5 8. Qd3 h6 9. Nc3 Nf6 10. Nd2 Be6 11. Nc4 Rc8 12. Ne3 Rc5 13. b3 Be7 14. Ba3 Rc6 15. Ncd5 Bxd5 16. exd5 Rc8 17. c4 0-0 18. f4 exf4 19. Rxf4 Ne8 20. Nf5 Bg5 21. Re4 g6 22. Nd4 Nf6 23. Re2 Qb6 24. Rae1 Rce8 25. Bb2 Rxe2 26. Rxe2 Re8 27. Kf1 Rxe2 28. Qxe2 Qd8 29. Nf3 Nd7 30. Nxg5 Qxg5 31. Qe8+ Nf8 32. Qe4 Qd2 33. Qd4 Qxd4 34. Bxd4 Nd7 35. b4 Kf8 36. c5 dxc5 37. bxc5 Ke8 38. c6 bxc6 39. dxc6 Nf8 40. Bg7 Ne6 41. Bxh6 Nd4 42. Kf2 Nxc6 43. Ke3 Kd7 44. Ke4 Ke6 45. Bd2 f5+ 46. Kf4 Ne5 47. Kg5 Kf7 48. h4 Nc4 49. Bf4 Nb6 50. h5 gxh5 51. Kxf5 Nd5 52. Bd2 h4 53. Kg4 Kg6 54. Kxh4 Nf6 55. Bc3 Ne4 56. Bd4 Nd6 57. Kg4 Nf5 58. Bc5 Ng7 59. a4 Ne6 60. Be3 Nc7 61. Kf4 Nd5+ 62. Ke4 Nc3+ 63. Kd3 Nd5 64. Kd4 Nb6 65. a5 Nd7 66. Kd5 Kf5 67. Kc6 Ne5+ 68. Kb7 Nc4 69. Kxa6 Nxe3 70. Kb7 Nc4 71. a6 Nd6+ 72. Kc6 Nc8 73. Kc7 Na7 74. Kb6 Nc8+ 75. Kb7 Nd6+ 76. Kb8 Nb5 77. a7 Nxa7 78. Kxa7 Kg4 79. g3 Kxg3 1/2-1/2

[Event "EU-Cup Online Gr-B"]
[Site "Tornelo INT"]
[Date "2021.03.27"]
[Round "2.4"]
[White "Heinemann, Thies"]
[Black "Ragger, Markus"]
[Result "1/2-1/2"]
[WhiteElo "2502"]
[BlackElo "2680"]
[PlyCount "83"]
[EventDate "2021.03.27"]
[EventType "team-tourn (rapid)"]
[EventRounds "9"]
[EventCountry "NET"]
[SourceTitle "CBM 201 Extra"]
[Source "ChessBase"]
[SourceDate "2021.05.31"]
[SourceVersion "1"]
[SourceVersionDate "2021.05.31"]
[SourceQuality "1"]
[WhiteTeam "Hamburger SK"]
[BlackTeam "Novy Bor"]
[WhiteTeamCountry "GER"]
[BlackTeamCountry "CZE"]

1. e4 e5 2. Nf3 Nc6 3. Bb5 a6 4. Bxc6 dxc6 5. 0-0 Bg4 6. h3 h5 7. d3 Qf6 8. Be3 Bxf3 9. Qxf3 Qxf3 10. gxf3 Bd6 11. Nd2 Ne7 12. Nc4 Ng6 13. Rfd1 Nh4 14. f4 exf4 15. Nxd6+ cxd6 16. Bxf4 Kd7 17. Bg3 Ng6 18. Re1 Raf8 19. a4 f5 20. exf5 Rxf5 21. Ra3 Rg5 22. Kf1 Rf8 23. d4 Rgf5 24. Re2 Rf3 25. Rxf3 Rxf3 26. Kg2 Rf5 27. Re3 Rg5 28. Kf1 Rd5 29. Rb3 b5 30. axb5 axb5 31. Ra3 Ne7 32. Ra7+ Ke6 33. c3 g5 34. Ke2 b4 35. Ra8 h4 36. Bh2 bxc3 37. bxc3 Rb5 38. Rh8 Nf5 39. Re8+ Ne7 40. Rh8 Nf5 41. Re8+ Ne7 42. Rh8 1/2-1/2